[Event "Chinese-Russian Summit 2018"]
[Site "Qinhuangdao"]
[Date "2018.05.28"]
[Round "2"]
[White "Sarana, Alexey"]
[Black "Wen, Yang"]
[Result "1/2-1/2"]
[WhiteElo "2587"]
[BlackElo "2581"]
[Annotator "TA"]
[PlyCount "19"]
[EventDate "2018.??.??"]
[EventCountry "CHN"]
[SourceTitle "playchess.com"]
[Source "ChessBase"]
[SourceQuality "1"]

{[%evp 14,19,6,12,519,73,671,193]} 1. d4 Nf6 2. c4 e6 3. Nf3 d5 4. Nc3 c5 5. cxd5 Nxd5 6. e4 Nxc3 7. bxc3 cxd4 8. cxd4 {LiveBook: 1410 Partien} Ba3 $146 {[%mdl 8192] [#] D41: Damengambit (Verbesserte Tarrasch-Verteidigung)} (8... Bb4+ $11 {und Schwarz ist OK.} 9. Bd2 Bxd2+ 10. Qxd2 O-O) ({Vorgänger:} 8... Bb4+ 9. Bd2 Bxd2+ 10. Qxd2 O-O 11. Bc4 Nd7 12. O-O b6 13. Rad1 Bb7 14. Rfe1 Rc8 15. Bb3 Re8 16. h3 Nf6 17. Qf4 Nh5 18. Qe5 Nf6 19. Qf4 Nh5 20. Qh2 h6 21. d5 exd5 22. exd5 Rxe1+ 23. Nxe1 {½-½ (57) So,W (2799)-Kramnik,V (2800) Berlin 2018}) 9. Bxa3 $2 (9. Qa4+ $18 {und der Rest ist Schweigen.} Bd7 10. Qxa3) 9... Na6 $2 {[%mdl 8192]} (9... Qa5+ $16 10. Qd2 Qxa3) 10. Bc4 $2 (10. Qd2) 1/2-1/2

[Event "Chinese-Russian Summit 2018"]
[Site "Qinhuangdao"]
[Date "2018.05.28"]
[Round "2"]
[White "Bai, Jinshi"]
[Black "Esipenko, Andrey"]
[Result "1/2-1/2"]
[WhiteElo "2579"]
[BlackElo "2587"]
[Annotator "TA"]
[PlyCount "27"]
[EventDate "2018.??.??"]
[EventCountry "CHN"]
[SourceTitle "playchess.com"]
[Source "ChessBase"]
[SourceQuality "1"]

{[%evp 10,27,29,0,0,-19,26,28,25,18,16,4,26,9,40,31,15,20,24,0]} 1. Nf3 d5 2. d4 Nf6 3. c4 e6 4. g3 Bb4+ 5. Nbd2 dxc4 6. Bg2 b5 {E04: Open Catalan: 5 Nf3} 7. O-O (7. a4 c6 8. O-O O-O 9. Ne1 Nd5 10. e4 Nb6 11. a5 N6d7 12. e5 Bb7 13. Ne4 Na6 14. Bg5 {½-½ (44) Wang,H (2709)-Ding,L (2777) Huaian 2017}) 7... c6 8. b3 cxb3 9. Nxb3 Nbd7 10. Bd2 Bxd2 11. Qxd2 O-O $146 ({Predecessor:} 11... a5 12. Qc2 Bb7 13. Ne5 O-O 14. Nxc6 {1-0 (46) Uberos Fernandez,A (2254)-Macarruda,M ICCF email 2014}) 12. a4 {[%mdl 1024] White has compensation.} Bb7 13. Rfc1 a5 14. Ne5 1/2-1/2

[Event "Chinese-Russian Summit 2018"]
[Site "Qinhuangdao"]
[Date "2018.05.28"]
[Round "2"]
[White "Goryachkina, Aleksandra"]
[Black "Shen, Yang"]
[Result "1/2-1/2"]
[WhiteElo "2496"]
[BlackElo "2468"]
[Annotator "TA"]
[PlyCount "75"]
[EventDate "2018.??.??"]
[EventCountry "CHN"]
[SourceTitle "playchess.com"]
[Source "ChessBase"]
[SourceQuality "1"]

{[%evp 12,75,28,12,47,10,11,21,14,11,11,18,15,12,8,4,29,16,27,22,23,25,33,27,37,11,33,0,43,37,36,40,41,47,57,33,38,37,42,7,41,33,37,27,38,0,0,0,0,0,0,0,0,0,0,0,0,0,0,0,0,-482,0,-501,0,-461]} 1. d4 d5 2. c4 c6 3. cxd5 cxd5 4. Bf4 Nf6 5. Nc3 Nc6 6. e3 a6 7. Be2 h6 {D10: Slav Defence: 3 cxd5 (without early Nf3) and 3 Nc3} (7... e6 8. Rc1 Be7 9. h3 O-O 10. Nf3 b5 11. O-O Bb7 12. Bd3 Rc8 13. Qe2 Qa5 14. a3 b4 15. axb4 Nxb4 {1-0 (75) Li,C (2732)-Duda,J (2724) Liaocheng 2018}) 8. h3 Bf5 9. Nf3 e6 10. Qb3 $146 ({Predecessor:} 10. O-O Be7 11. Rc1 O-O 12. a3 Ne4 13. Nxe4 Bxe4 14. Nd2 Bg6 15. b4 Bd6 16. Bxd6 Qxd6 {½-½ (25) Beneteau,H (2085)-Forgo,E (2260) Pecs 1998}) 10... Bd6 11. Bxd6 Qxd6 12. Na4 O-O 13. O-O Nd7 14. Rfc1 Na5 15. Qc3 Nc6 16. Nc5 Nxc5 17. Qxc5 Rfd8 18. Qc3 Rf8 19. Qc5 (19. Qb3 {is more complex.} Na5 20. Qa4 Qb6 21. b3 Nc6 22. Rc5) 19... Rfd8 20. Rc3 Qxc5 21. Rxc5 f6 22. Rac1 Kf7 23. a3 Ke7 24. Nd2 Rdc8 25. b4 Kd7 26. Nb3 b6 27. R5c3 Ne7 28. a4 Rxc3 29. Rxc3 e5 30. dxe5 fxe5 31. f4 exf4 32. exf4 Kd6 33. a5 bxa5 34. bxa5 Bd7 35. Nd4 Nc6 36. Rb3 $2 {[%mdl 8192] [#]} (36. Nxc6 $11 {and White is okay.} Bxc6 37. Rb3) 36... Kc5 $2 ({Better is} 36... Nxd4 $19 37. Rb6+ Kc5 38. Bxa6 Bb5 39. Bxb5 Nxb5) 37. Rc3+ $2 {[%mdl 8192]} (37. Nxc6 $11 {and White has nothing to worry.} Bxc6 38. Rc3+ Kd6 39. Rb3) 37... Kd6 38. Rb3 {[%mdl 32768] Precision: White = 53%, Black = 56%. . An unexpected result.} 1/2-1/2

[Event "Chinese-Russian Summit 2018"]
[Site "Qinhuangdao"]
[Date "2018.05.28"]
[Round "2"]
[White "Ni, Shiqun"]
[Black "Gunina, Valentina"]
[Result "1/2-1/2"]
[WhiteElo "2444"]
[BlackElo "2526"]
[Annotator "TA"]
[PlyCount "84"]
[EventDate "2018.??.??"]
[EventCountry "CHN"]
[SourceTitle "playchess.com"]
[Source "ChessBase"]
[SourceQuality "1"]

{[%evp 26,84,26,26,26,26,26,26,26,26,27,27,24,22,37,37,56,41,89,60,112,0,51,43,47,55,93,93,91,94,93,70,77,68,97,93,130,113,139,155,142,96,96,44,174,172,167,169,168,70,60,0,7,0,70,0,166,0,39,0,143]} 1. e4 c6 2. d4 d5 3. exd5 cxd5 4. Bd3 Nc6 5. c3 Nf6 6. Bf4 Bg4 7. Qb3 Qd7 8. Nd2 e6 9. Ngf3 Bxf3 10. Nxf3 Bd6 11. Bxd6 Qxd6 12. O-O O-O 13. Rfe1 Qc7 {B13: Caro-Kann: Exchange Variation and Panov-Botvinnik Attack} (13... Nd7 14. a4 Rab8 15. a5 h6 16. Qa3 Qxa3 17. Rxa3 Rfc8 18. g3 Kf8 19. Rea1 Ke7 20. Rb3 b6 21. axb6 axb6 {1-0 (52) Jumabayev,R (2612)-Saric,I (2669) Riadh 2017}) 14. Qc2 {LiveBook: 4 Games} Rac8 15. Qe2 {[#]} Nd7 $146 {White has an edge.} ({Predecessor:} 15... Rfe8 16. g3 a6 17. a4 Rb8 18. h4 Re7 19. Kg2 Rbe8 20. Ne5 Nxe5 21. dxe5 {1-0 (51) Shalimov,V (2445)-Yevseev,D (2550) Smolensk 2005}) 16. g3 Rfe8 17. Kg2 a6 18. h4 h6 19. Bc2 b5 20. a4 b4 21. Qxa6 Na5 22. Qe2 Nc6 (22... Rb8 $14) 23. Qa6 (23. cxb4 $16 {Black must now prevent b5.} Nxb4 24. Bd3) 23... bxc3 (23... Na5 $11) 24. bxc3 $14 Na5 {[%cal Bc6a5,Ba5c4,Bc4d6,Bd6e4,Be4d2][%mdl 32]} 25. Rab1 Nf6 26. Rec1 Ra8 27. Qe2 Nc4 28. Rb4 Rec8 29. Bd3 Nd6 30. Ne5 Rab8 31. Qb2 Rxb4 32. Qxb4 Nfe4 33. Bxe4 Nxe4 34. Rb1 (34. h5 $16) 34... f6 (34... Qxc3 $14 35. Qxc3 Nxc3) 35. Ng6 $18 {[#] And now Ne7+ would win.} Kf7 36. h5 Nd2 37. Rb2 (37. Re1 $18) 37... Nc4 $1 $14 {[%cal Rc4b2]} 38. Rb3 ({White should play} 38. Ra2 $14) 38... Nd2 $1 $36 {[%cal Rd2b3][%mdl 2048] Black has some pressure.} 39. Rb2 (39. Ra3 $11) 39... Nc4 $1 $14 {[%cal Rc4b2]} 40. Rb1 (40. Ra2 $1 $14) 40... Nd2 $1 $18 41. Rb2 ({Better is} 41. Re1 $18) 41... Nc4 $1 $14 {[%cal Rc4b2]} 42. Rb1 (42. Ra2 $14) 42... Nd2 $1 {Precision: White = 50%, Black = 58%.} 1/2-1/2

[Event "Chinese-Russian Summit 2018"]
[Site "Qinhuangdao"]
[Date "2018.05.28"]
[Round "2"]
[White "Huang, Qian"]
[Black "Girya, Olga"]
[Result "1/2-1/2"]
[WhiteElo "2439"]
[BlackElo "2465"]
[Annotator "TA"]
[PlyCount "55"]
[EventDate "2018.??.??"]
[EventCountry "CHN"]
[SourceTitle "playchess.com"]
[Source "ChessBase"]
[SourceQuality "1"]

{[%evp 13,55,7,7,-16,0,0,7,8,9,0,0,2,41,35,35,28,33,35,35,-138,19,0,718,0,30,0,30,0,0,0,0,0,4,3,0,0,0,0,15,-14,-4,-31,0,0]} 1. d4 Nf6 2. c4 e6 3. g3 Bb4+ 4. Bd2 Be7 5. Bg2 d5 6. Nf3 O-O 7. O-O Nbd7 8. Qb3 {E11: Bogo-Indian} (8. Qc2 c6 9. Rc1 b6 10. a4 Ne4 11. Be1 a5 12. Nbd2 Nxd2 13. Nxd2 Bf6 14. cxd5 cxd5 15. e4 Bxd4 16. Nb3 Bf6 17. exd5 exd5 18. Bxd5 {½-½ (28) Grischuk,A (2767)-Karjakin,S (2763) Berlin 2018}) 8... a5 9. Bf4 $146 ({Predecessor:} 9. Nc3 c6 10. Rfd1 a4 11. Nxa4 dxc4 12. Qc2 b5 13. Nc3 Qb6 14. e4 e5 15. d5 cxd5 16. Nxd5 Nxd5 17. exd5 {1-0 (74) Gleizerov,E (2519)-Krzyzanowski,M (2464) Suwalki 2017}) 9... dxc4 10. Qxc4 Nd5 11. Nc3 Nxf4 12. gxf4 c5 13. dxc5 Nxc5 14. Ne5 Qb6 15. Rfd1 Qb4 16. Rf1 $2 {[#]} (16. Rab1 $14 {stays ahead.}) 16... Qb6 $2 ({And not} 16... Qxb2 17. Rab1 $14) ({Better is} 16... f6 $1 $17 {[%cal Rf6e5]} 17. a3 Qb3 18. Qxb3 Nxb3) 17. Rfd1 Qd8 $2 {[%mdl 8192]} (17... Qb4 $11) 18. Rf1 $2 (18. Rxd8 $18 Rxd8 19. Ne4 Nxe4 20. Bxe4) 18... Qb6 $11 19. Rfd1 Qb4 20. b3 f6 21. Nd3 Qxc4 22. bxc4 Nxd3 23. Rxd3 Rb8 24. Rad1 b6 25. Nb5 Ba6 26. Rd7 Rfd8 27. Bc6 Bxb5 28. Bxb5 {Precision: White = 35%, Black = 55%.} 1/2-1/2

[Event "Chinese-Russian Summit 2018"]
[Site "Qinhuangdao"]
[Date "2018.05.28"]
[Round "2"]
[White "Shuvalova, Polina"]
[Black "Zhai, Mo"]
[Result "1/2-1/2"]
[WhiteElo "2416"]
[BlackElo "2304"]
[Annotator "TA"]
[PlyCount "133"]
[EventDate "2018.??.??"]
[EventCountry "CHN"]
[SourceTitle "playchess.com"]
[Source "ChessBase"]
[SourceQuality "1"]

{[%evp 20,133,6,2,0,0,64,33,33,19,27,26,32,39,98,0,33,32,45,65,60,47,33,32,27,24,77,76,112,108,99,102,121,112,214,206,181,177,297,8,20,8,8,8,17,9,11,13,13,13,13,13,12,8,37,15,73,26,20,21,27,24,42,42,42,42,42,42,47,46,62,42,42,0,0,0,0,0,0,0,0,0,47,8,20,0,0,0,0,0,0,0,0,0,0,0,0,0,0,-47,-66,-80,0,0,0,0,0,0,0,0,0,0,0,0,0,0]} 1. d4 Nf6 2. c4 e6 3. Nc3 Bb4 4. e3 O-O 5. Bd3 d5 6. Nf3 dxc4 7. Bxc4 c5 8. O-O cxd4 9. exd4 b6 10. Qe2 Bb7 11. Rd1 {LiveBook: 157 Games} Qc8 {E54: Nimzo-Indian: Rubinstein: Main Line: 7...dxc4 8 Bxc4} (11... Nbd7 12. d5 Bxc3 13. dxe6 Bxf3 14. gxf3 fxe6 15. bxc3 Qc7 16. Bxe6+ Kh8 17. Qc4 Qb7 18. Bxd7 Nxd7 19. Qd5 Qxd5 20. Rxd5 {½-½ (32) Matlakov,M (2735)-Vitiugov,N (2722) St Petersburg 2017}) 12. Bd3 $146 ({Predecessor:} 12. Bg5 Bxc3 13. bxc3 Bxf3 14. Qxf3 Qxc4 15. Bxf6 Nd7 16. Bg5 Rac8 17. Rdc1 Rfe8 18. h3 Nf8 19. a4 {½-½ (63) Caporali,D (2124)-Foenander,P (2144) ICCF email 2014}) 12... Ba6 ({Black should play} 12... Bxc3 $11 13. bxc3 Qxc3) 13. Nb5 Nbd7 {White is slightly better.} 14. Bg5 Qb7 15. a3 Be7 16. Rac1 Rac8 (16... Rad8 $14) 17. Ne5 (17. Rxc8 $1 $16 Rxc8 18. d5 $1 {[%mdl 512]}) 17... Bxb5 18. Bxb5 Nb8 19. Bc4 Nd5 20. Bxd5 (20. h4 {feels hotter.} Bd6 21. Qe4 Nd7 22. Bd2 N7f6 23. Qe2) 20... exd5 21. Bxe7 Qxe7 22. Qg4 Rc7 (22... Qb7 $11) 23. h3 $36 {[%mdl 2048] White is on the roll.} Qd6 24. Rxc7 $1 Qxc7 25. Rd3 $1 Qc1+ 26. Kh2 Qxb2 (26... Qh6 $16 {is a better defense.}) 27. Rg3 $18 {[%csl Gg3][%cal Rg4g7]} g6 28. Qf4 {[%mdl 1024] White has strong compensation.} Qb5 {[#]} (28... Qc2 {was worth a try.}) 29. Qh6 $2 (29. Ng4 $1 $18 {[%cal Rg4f6] Nf6+ would kill now.} Nd7 30. Nh6+ Kh8 31. Rc3 (31. Nxf7+ Kg8 $14)) 29... Nd7 $11 30. Rb3 Qa4 ({Not} 30... Qxb3 31. Nxd7 Qg3+ 32. fxg3 Re8 33. Nf6+ Kh8 34. Qxh7#) 31. Rb4 $1 {[%cal Rb4a4]} Qc2 32. Nxd7 {[%csl Gd7][%cal Rh6f8]} Qc7+ 33. Ne5 f6 34. Qe3 fxe5 35. dxe5 {[%mdl 4096] Endgame KQR-KQR} Rf5 36. f4 g5 $1 37. Qd3 Qf7 (37... Rxf4 $11 {keeps the balance.} 38. Qxd5+ Kg7) 38. Rd4 Rxf4 39. Rxd5 Qe6 $1 40. Rd8+ Rf8 41. Rxf8+ Kxf8 $14 {KQ-KQ} 42. Qd8+ Kf7 43. Qxg5 b5 44. Qf4+ Kg7 45. Qe4 a5 46. Qb7+ Qf7 47. Qxb5 Qf4+ 48. Kg1 {Qd7+ is the strong threat.} Qe3+ $1 49. Kf1 {Threatens to win with Qd7+.} Qxa3 50. Qd7+ Kg6 51. Qe6+ Kg7 52. Ke2 Qb2+ 53. Kf3 {Strongly threatening Qd7+.} Qc3+ 54. Kg4 {Hoping for Qe7+.} Qd4+ 55. Kh5 Qf4 {aiming for ...Qf7+.} 56. g4 a4 57. g5 ({But not} 57. Kh4 $2 Qh6+ 58. Qxh6+ Kxh6 $19) 57... a3 {And now ...Qf7+ would win.} 58. Qh6+ Kg8 59. Qa6 Qf3+ 60. Kh4 {[#]} Qf2+ ({Better is} 60... Qe4+ $1 $17 61. Kg3 Qxe5+ 62. Kg4 Qe4+ 63. Kg3 Qe1+ 64. Kg4 Qb4+ 65. Kh5 Qb3) 61. Kg4 $11 {The position is equal.} a2 62. Qc8+ Kg7 63. Qd7+ Kg8 64. Qc8+ Kg7 65. Qd7+ Kg8 66. Qc8+ Kg7 67. Qd7+ {Precision: White = 60%, Black = 49%.} 1/2-1/2

[Event "Chinese-Russian Summit 2018"]
[Site "Qinhuangdao"]
[Date "2018.05.28"]
[Round "2"]
[White "Xiao, Yiyi"]
[Black "Pogonina, Natalija"]
[Result "0-1"]
[WhiteElo "2345"]
[BlackElo "2457"]
[Annotator "TA"]
[PlyCount "40"]
[EventDate "2018.??.??"]
[EventCountry "CHN"]
[SourceTitle "playchess.com"]
[Source "ChessBase"]
[SourceQuality "1"]

{[%evp 16,40,16,-9,62,52,62,60,69,64,70,33,57,58,68,29,65,45,46,32,43,53,60,58,898,132,1186]} 1. d4 d5 2. c4 e6 3. Nf3 {[%cal Bg1f3,Bf3e5,Be5c6][%mdl 32]} Nf6 4. g3 Bb4+ 5. Nbd2 O-O 6. Bg2 b6 7. O-O Bb7 8. Ne5 Be7 9. Qc2 {LiveBook: 34 Partien. E16: Damenindisch (Hauptfortsetzung mit Lb4)} (9. cxd5 Bxd5 10. Ndf3 Nbd7 11. Bf4 Nxe5 12. Bxe5 c5 13. Rc1 h6 14. a3 a5 15. Qa4 Qd7 16. Qxd7 Nxd7 {1-0 (40) Li,C (2755)-Topalov,V (2754) Stavanger 2016}) 9... Nbd7 (9... Na6 $11) 10. cxd5 $1 $14 exd5 $146 ({Vorgänger:} 10... Nxe5 11. d6 Bxg2 12. dxe7 Qxe7 13. dxe5 Bxf1 14. exf6 Qxf6 15. Kxf1 c5 16. Nf3 h6 {½-½ (71) Repplinger,M (2249)-Goebel,C (2174) Germany 2011}) 11. Nc6 $1 {[%cal Rc6d8] Weiß steht etwas besser.} Bxc6 12. Qxc6 Rc8 13. Nf3 Bd6 14. Bh3 h6 15. Bf4 {Und weiter mit Se5 wäre nett.} Qe7 16. Ne5 Nb8 17. Qa4 $36 {[%mdl 2048] Weiss drückt.} Rce8 18. Qxa7 Nh5 19. Bg2 Qh4 $2 {[%mdl 8192] [#]} (19... Nxf4 $14 20. gxf4 Bxe5 21. dxe5 (21. fxe5 Nc6 $16) 21... Qb4) 20. e3 $2 (20. gxh4 $18 {ist der präzise Gewinnweg.} Nxf4 21. e3 Nxg2 22. Kxg2) 20... g5 $2 {[%mdl 40960] Precision: Weiß = 43%, Schwarz = 33%. . Loss on Time!?} (20... Qd8 $16) 0-1

[Event "Chinese-Russian Summit 2018"]
[Site "Qinhuangdao"]
[Date "2018.05.29"]
[Round "3"]
[White "Li, Chao b"]
[Black "Alekseenko, Kirill"]
[Result "1/2-1/2"]
[WhiteElo "2724"]
[BlackElo "2625"]
[Annotator "TA"]
[PlyCount "34"]
[EventDate "2018.??.??"]
[EventCountry "CHN"]
[SourceTitle "playchess.com"]
[Source "ChessBase"]
[SourceQuality "1"]

{[%evp 21,34,18,35,37,36,15,20,20,28,45,65,40,62,70,72]} 1. d4 d5 2. c4 dxc4 3. e3 e5 4. Bxc4 exd4 5. exd4 Nf6 6. Nf3 Bd6 7. Qe2+ {D20: Queen's Gambit Accepted: 3 e3 and 3 e4} Qe7 8. Qxe7+ Bxe7 9. O-O O-O 10. Re1 Bd6 11. Nc3 a6 {LiveBook: 12 Games} 12. Bg5 {[%cal Bc1g5,Bg5h4,Bh4g3][%mdl 32]} Nbd7 13. a4 h6 14. Bh4 g5 {[#]} 15. Bg3 $146 Kg7 {White is slightly better.} 16. Bb3 Re8 17. Ne5 Re7 1/2-1/2

[Event "Chinese-Russian Summit 2018"]
[Site "Qinhuangdao"]
[Date "2018.05.29"]
[Round "3"]
[White "Matlakov, Maxim"]
[Black "Zhou, Jianchao"]
[Result "*"]
[WhiteElo "2704"]
[BlackElo "2624"]
[Annotator "TA"]
[PlyCount "37"]
[EventDate "2018.??.??"]
[EventCountry "CHN"]
[SourceTitle "playchess.com"]
[Source "ChessBase"]
[SourceQuality "1"]

{[%evp 23,25,0,47,52]} 1. d4 Nf6 2. c4 e6 3. Nf3 d5 4. g3 Bb4+ 5. Bd2 Be7 6. Bg2 O-O 7. O-O Nbd7 8. Qc2 c6 9. Rd1 b6 10. b3 Ba6 11. a4 Qc8 {E15: Queen's Indian: 4 g3 sidelines, 4 g3 Ba6 and 4 g3 Bb7 early deviations} (11... c5 12. Na3 Bb7 13. cxd5 Bxd5 14. Qb2 cxd4 15. Nxd4 Bxg2 16. Kxg2 Qc8 17. b4 Qb7+ 18. Kg1 Ne4 19. Be3 {½-½ (62) Papaioannou,I (2652)-Adams,M (2727) Heraklio 2017}) 12. Na3 c5 {LiveBook: 5 Games} 13. cxd5 {[#]} {Predecessor:} exd5 $146 14. Nb5 Qc6 15. dxc5 bxc5 16. Nfd4 Qb6 17. Ba5 Qb7 18. Nf5 Nb6 19. Nc3 {1-0 (57) Halkias,S (2585)-Svane,R (2555) Doha 2016} *

[Event "Chinese-Russian Summit 2018"]
[Site "Qinhuangdao"]
[Date "2018.05.29"]
[Round "3"]
[White "Matlakov, Maxim"]
[Black "Zhou, Jianchao"]
[Result "1-0"]
[WhiteElo "2704"]
[BlackElo "2624"]
[Annotator "TA"]
[PlyCount "26"]
[EventDate "2018.??.??"]
[EventCountry "CHN"]
[SourceTitle "playchess.com"]
[Source "ChessBase"]
[SourceQuality "1"]

{[%evp 20,26,7,11,9,6,45,45,61]} 1. d4 Nf6 2. c4 e6 3. Nf3 d5 4. g3 Bb4+ 5. Bd2 Be7 6. Bg2 O-O 7. O-O Nbd7 8. Qc2 c6 9. Rd1 b6 10. b3 Ba6 11. a4 Qc8 {E15: Queen's Indian: 4 g3 sidelines, 4 g3 Ba6 and 4 g3 Bb7 early deviations} (11... c5 12. Na3 Bb7 13. cxd5 Bxd5 14. Qb2 cxd4 15. Nxd4 Bxg2 16. Kxg2 Qc8 17. b4 Qb7+ 18. Kg1 Ne4 19. Be3 {½-½ (62) Papaioannou,I (2652)-Adams,M (2727) Heraklio 2017}) 12. Na3 c5 13. cxd5 {[#]} Nxd5 $146 ({Predecessor:} 13... exd5 14. Nb5 Qc6 15. dxc5 bxc5 16. Nfd4 Qb6 17. Ba5 Qb7 18. Nf5 Nb6 19. Nc3 {1-0 (57) Halkias,S (2585)-Svane,R (2555) Doha 2016}) 1-0

[Event "Chinese-Russian Summit 2018"]
[Site "Qinhuangdao"]
[Date "2018.05.29"]
[Round "3"]
[White "Lu, Shanglei"]
[Black "Sjugirov, Sanan"]
[Result "1/2-1/2"]
[WhiteElo "2643"]
[BlackElo "2663"]
[Annotator "TA"]
[PlyCount "55"]
[EventDate "2018.??.??"]
[EventCountry "CHN"]
[SourceTitle "playchess.com"]
[Source "ChessBase"]
[SourceQuality "1"]

{[%evp 13,55,29,25,4,4,0,0,-1,27,27,27,12,12,14,29,0,14,7,21,0,0,16,17,-12,-19,-13,-27,-14,-4,-39,-33,-47,-39,-18,0,-10,-7,-8,-15,-5,0,0,0,0]} 1. e4 c5 2. Nf3 d6 3. Bb5+ Nd7 4. O-O a6 5. Bd3 Ngf6 6. Re1 {B51: Sicilian: Moscow Variation (3 Bb5+) without 3...Bd7} g6 (6... b5 7. c3 Bb7 8. Bc2 c4 9. a4 e6 10. axb5 axb5 11. Rxa8 Qxa8 12. Na3 Bxe4 13. Bxe4 Nxe4 {½-½ (35) Mamedov,R (2704)-Karjakin,S (2778) Shamkir 2018}) 7. c3 Bh6 {LiveBook: 9 Games} 8. Bc2 {White has an edge.} Ne5 9. Nxe5 $146 ({Predecessor:} 9. h3 O-O 10. Qe2 Nh5 11. d4 Bxc1 12. Rxc1 Nf4 13. Qe3 Nxf3+ 14. Qxf3 {0-1 (60) Haria,R (2424)-Adhiban,B (2650) Reykjavik 2018}) 9... dxe5 10. d3 Bxc1 11. Qxc1 O-O 12. Nd2 Qc7 13. a4 {[%cal Ba2a4,Ba4a5][%mdl 32]} h6 14. h3 b6 15. Nf3 Kg7 16. a5 b5 17. d4 Nd7 {[%cal Bf6d7,Bd7c5,Bc5e6,Be6f4][%mdl 32]} 18. dxc5 Nxc5 19. b4 Ne6 20. Qe3 Nf4 21. Nd2 Be6 22. Nb3 $1 Bxb3 23. Bxb3 Rfd8 {...Rac8 is the strong threat.The position is equal.} 24. Rad1 Rxd1 25. Rxd1 Rc8 26. Rc1 $1 Rd8 27. Rd1 $1 Rc8 28. Rc1 $1 {Precision: White = 58%, Black = 61%.} 1/2-1/2

[Event "Chinese-Russian Summit 2018"]
[Site "Qinhuangdao"]
[Date "2018.05.29"]
[Round "3"]
[White "Esipenko, Andrey"]
[Black "Wen, Yang"]
[Result "1/2-1/2"]
[WhiteElo "2587"]
[BlackElo "2581"]
[Annotator "TA"]
[PlyCount "38"]
[EventDate "2018.??.??"]
[EventCountry "CHN"]
[SourceTitle "playchess.com"]
[Source "ChessBase"]
[SourceQuality "1"]

{[%evp 30,38,29,22,33,0,34,41,51,42,93]} 1. d4 Nf6 2. c4 e6 3. Nf3 d5 4. Nc3 c5 5. cxd5 Nxd5 6. e4 Nxc3 7. bxc3 cxd4 8. cxd4 Bb4+ 9. Bd2 Bxd2+ 10. Qxd2 O-O 11. Bc4 Nd7 12. O-O {D41: Queen's Gambit Declined: Semi-Tarrasch with 5 cxd5} b6 13. a4 Bb7 14. Bd3 Nf6 15. Rfe1 h6 16. h3 {[#] LiveBook: 4 Games} Rb8 $146 ({Predecessor:} 16... Qe7 17. a5 bxa5 18. Rxa5 Rfc8 19. Qb2 Qc7 20. Qb4 Qc3 21. Qxc3 Rxc3 {½-½ (45) Nepomniachtchi,I (2729)-Kryvoruchko,Y (2689) Riadh 2017}) 17. a5 bxa5 (17... b5 $5) 18. Rxa5 a6 19. g4 Nh7 ({Better is} 19... Ne8 $14) 1/2-1/2

[Event "Chinese-Russian Summit 2018"]
[Site "Qinhuangdao"]
[Date "2018.05.29"]
[Round "3"]
[White "Sarana, Alexey"]
[Black "Bai, Jinshi"]
[Result "1-0"]
[WhiteElo "2587"]
[BlackElo "2579"]
[Annotator "TA"]
[PlyCount "26"]
[EventDate "2018.??.??"]
[EventCountry "CHN"]
[SourceTitle "playchess.com"]
[Source "ChessBase"]
[SourceQuality "1"]

{[%evp 19,26,30,20,0,0,0,0,0,0]} 1. Nf3 Nf6 2. c4 c6 3. Nc3 d5 4. d4 dxc4 5. a4 e6 6. e3 c5 7. Bxc4 Nc6 {D16: Slav Defence: 5 a4: Lines with 5...Bg4 and 5...Na6} 8. O-O Be7 9. dxc5 Qxd1 10. Rxd1 Bxc5 {LiveBook: 22 Games} 11. a5 $146 {The position is equal.} ({Predecessor:} 11. b3 O-O 12. Bb2 b6 13. Nb5 Na5 14. Ne5 Nxc4 15. bxc4 {½-½ (28) Postny,E (2575)-Van Foreest,J (2631) Berlin 2018}) 11... O-O {[%cal Bh8f8,Bf8d8,Bd8d1][%mdl 32]} 12. Nd2 Rd8 13. Nb3 Rxd1+ {[%mdl 32768] Loss on Time!?} 1-0

[Event "Chinese-Russian Summit 2018"]
[Site "Qinhuangdao"]
[Date "2018.05.29"]
[Round "3"]
[White "Gunina, Valentina"]
[Black "Huang, Qian"]
[Result "1-0"]
[WhiteElo "2526"]
[BlackElo "2439"]
[Annotator "TA"]
[PlyCount "31"]
[EventDate "2018.??.??"]
[EventCountry "CHN"]
[SourceTitle "playchess.com"]
[Source "ChessBase"]
[SourceQuality "1"]

{[%evp 10,31,41,-4,40,36,35,34,44,-15,0,0,-3,0,0,0,0,0,54,40,123,121,189,124]} 1. e4 c5 2. Nf3 d6 3. d4 cxd4 4. Qxd4 a6 5. Be2 (5. c4 Nc6 6. Qe3 Bg4 7. Nd4 g6 8. Nc3 Bg7 9. Nxc6 bxc6 10. h3 Be6 11. Be2 Nf6 12. O-O O-O 13. f4 Qa5 14. Bd2 {1-0 (50) Karjakin,S (2763)-Nepomniachtchi,I (2751) Moscow 2018}) 5... Nf6 6. h3 {LiveBook: 6 Partien. B53: Sizilianisch (Ungarische Variante)} e5 7. Qe3 b5 $146 {[%cal Bb7b5,Bb5b4][%mdl 32]} ({Vorgänger:} 7... Be7 8. O-O Qc7 9. c4 O-O 10. Nc3 Be6 11. b3 Nbd7 12. Rd1 Rfc8 {½-½ (79) Gavrilescu,D (2437)-Stocko,J (2331) Zadar 2017}) 8. O-O {Weiß steht etwas besser.} Bb7 9. Nc3 (9. a4 $14) 9... Nbd7 10. Rd1 Qc7 11. a4 $36 {[%mdl 2048] Weiss hat Druck.} b4 12. Nd5 $1 {[%cal Rd5c7]} Bxd5 13. exd5 Qxc2 (13... Be7 $11) 14. Nd4 $1 $14 {[%cal Rd4c2]} Qc5 (14... Qc8 $14) 15. Nc6 $16 {[%mdl 1024] Weiss hat starke Kompensation.} Nb6 (15... Qxe3 $16 16. Bxe3 a5) 16. a5 {Precision: Weiß = 66%, Schwarz = 31%.} (16. Qxc5 $18 dxc5 17. d6 (17. Nxe5 Bd6 $16)) 1-0